Music Quiz

Random Music or Song Quiz

Stevie Wonder's top 10 hit songs Quiz Stats

 Plays Quiz not verified by Sporcle

Challenge
Share
Tweet
Embed
Score 0/36 Timer 10:00
0 Plays Today
year song % Correct
1972Superstition
89%
1977Sir Duke
80.6%
1984I Just Called to Say I Love You
77.9%
1963Fingertips (Part 2)
65%
1976I Wish
61.4%
1969My Cherie Amour
60.9%
1973You Are the Sunshine of My Life
58%
1973Living for the City
56.6%
1973Higher Ground
56.4%
1970Signed, Sealed, Delivered I'm Yours
55.2%
1985Part-Time Lover
54.9%
1980Master Blaster (Jammin')
51.8%
1965Uptight (Everything's Alright)
50.8%
1982Ebony and Ivory
45.6%
1968For Once in My Life
43.9%
1974Boogie on Reggae Woman
37.9%
1967I Was Made to Love Her
35.5%
1981Happy Birthday
35.5%
year song % Correct
1982Do I Do
35%
1982That Girl
28.1%
1974You Haven't Done Nothin'
27.8%
1981Lately
26.6%
1985That's What Friends Are For
23%
1969Yester-Me, Yester-You, Yesterday
20.1%
1971If You Really Love Me
19.9%
1966Blowin' in the Wind
19.4%
1979Send One Your Love
19.4%
1966A Place in the Sun
18.5%
1970Heaven Help Us All
14.1%
1974He's Misstra Know It All
11.3%
1986Go Home
10.8%
1980I Ain't Gonna Stand for It
10.1%
1970Never Had a Dream Come True
7.9%
1968Shoo-Be-Doo-Be-Doo-Da-Day
7.4%
1997How Come, How Long
3.1%
1988My Love
2.4%

You're not logged in!

Compare scores with friends on all Sporcle quizzes.
OR
Log In

You Might Also Like...

Show Comments

Extras

Top Quizzes Today


Score Distribution

Your Account Isn't Verified!

In order to create a playlist on Sporcle, you need to verify the email address you used during registration. Go to your Sporcle Settings to finish the process.

Report this User

Report this user for behavior that violates our Community Guidelines.

Details: